00477cam a2200169ua 450000100060000000800390000602000180004504000090006304100080007208200110008010000340009124500710012525000120019626000490020830000100025765300400026711179190902n ii |||gr||||Z||||||eng a9788120353176 cMAIN aeng a342.54 aBrij Kishore Sharma,eAuthor. aIntroducation to the constitution of indiacBy Brij Kishore Sharma a8th ed. aDelhi:bPHI learning private limited,c2017. a442p. aConstitutional & administrative law